000 01038nam a2200301Ia 4500
003 GCL
008 140319s9999 xx 000 0 ara d
020 _a7192408977
040 _aGCL /
_cGCL
082 0 4 _aط
_b001.2
_bب ك
100 1 _aباركر، ستيف
245 1 0 _aكوكب الحيوان /
_cباركر، ستيف
250 _aالاولى
260 _aالقاهرة :
_bدار الفاروق للأستثمارات الثقافية ،
_c2007
300 _a48 ص ؛
_c32 سم
650 0 4 _aالفقاريات
650 0 4 _aالحيوانات الاليفة
650 0 4 _aالحيوانات المفترسة
650 0 4 _aالحيوانات البحرية
650 0 4 _aالحيوانات السامة
650 0 4 _aالحيوانات الصحراوية
650 0 4 _aالبرمائيات
650 0 4 _aالحيوانات - العادات والسلوك
650 0 4 _aالحيوانات ذوات الفراء
650 0 4 _aالحيوانات - صور
650 0 4 _aالمحاريات
942 _2ddc
_cBK
999 _c9209
_d9209